000 00379 a2200169 4500
001 161922
020 _a978-85-16-10355-2
040 _cMagnum
100 _aBandeira, Pedro
240 1 0 _aDescanse em paz, meu amor...
_lpor
245 1 0 _aDescanse em paz, meu amor...
300 _a116
362 0 _a2016
440 1 _aModerna
697 _aLITERATURA JUVENIL
942 _cBK
999 _c161922
_d161922